01456nam a2200313 a 4500001001000000003000900010005001700019007000300036008004100039020001700080040002500097049000900122082000700131100004900138245013100187260004600318300002100364500007000385500007300455590002600528700003900554910001500593942001400608952010700622952010200729952018600831952010801017999001701125000033122DO-SdBNP20240301073829.0ta110817s2022 dr a 000 0 spa d a978-45181203 aDO-SdBNPbspacBNPHU aBNPD 42221 aSoto Jiménez, José Miguel,d1956-91166813aEl doctor :baproxinación a un personaje indescifrable /cJosé Miguel Ángel Soto Jiménez ; prólogo Tony Raful Tejada aSanto Domingo :bImpresión Soto,c2022. a190 p. ;c23 cm. aIncluye datos biográficos del autor en la solapa de la cubierta aIncluye referencias bibliográficas y notas al pie de las páginas aInventariado, 2022/BT1 aRaful, Tony,d1951-epról.91377 aBtavárez 2ddccLBS1 00102ddc56708DSaBNPHUbBNPHUcCTd2015-07-28eDepósito Legalr2020-06-25te.3w2020-06-25yLBS1 00102ddc51708PDaBNPHUbPDcHDd2011-08-17l0o H764sp33122-10r2020-06-25w2020-06-25yLFPD 00102ddc51708PDaBNPHUbPDcHDd2015-07-13l0o H764sp33122-20r2020-06-25te. 2w2020-06-25yLFPDzPerteneció a la biblioteca personal de Chiqui Vicioso / Fidelio Despradel. 00102ddc56708DSaBNPHUbDOcHDd2021-10-18l0oH764sp2021-27416r2021-10-18te.4w2021-10-18yLFDS c32613d32613